Normal view
MARC view
- MODELING AND CONTROL OF ROBOT MANIPULATORS
Entry Topical Term
001 - CONTROL NUMBER
- control field: 74396
003 - CONTROL NUMBER IDENTIFIER
- control field: NUST
005 - DATE AND TIME OF LATEST TRANSACTION
- control field: 20210628205211.0
008 - FIXED-LENGTH DATA ELEMENTS
- fixed length control field: 210628|| aca||aabn | a|a d
040 ## - CATALOGING SOURCE
- Original cataloging agency: NUST
- Transcribing agency: NUST
150 ## - HEADING--TOPICAL TERM
- Topical term or geographic name entry element: MODELING AND CONTROL OF ROBOT MANIPULATORS
670 ## - SOURCE DATA FOUND
- Source citation: Work cat.: (NUST): Seiavicco, L Siciliano, B 74395, Sei'm, 1996
